Journal of Purchasing , Logistics and Supply Chain Management System (Record no. 46495)

MARC details
000 -LEADER
fixed length control field 00513nam a22001457a 4500
008 - FIXED-LENGTH DATA ELEMENTS--GENERAL INFORMATION
fixed length control field 250914b |||||||| |||| 00| 0 eng d
022 ## - INTERNATIONAL STANDARD SERIAL NUMBER
International Standard Serial Number 30486254
041 ## - LANGUAGE CODE
Language code of text/sound track or separate title eng
245 ## - TITLE STATEMENT
Title Journal of Purchasing , Logistics and Supply Chain Management System
260 ## - PUBLICATION, DISTRIBUTION, ETC.
Place of publication, distribution, etc. Uttar Pradesh
Name of publisher, distributor, etc. MAT Journals Private Limited
Date of publication, distribution, etc. 2025
300 ## - PHYSICAL DESCRIPTION
Extent 58:. p
651 ## - SUBJECT ADDED ENTRY--GEOGRAPHIC NAME
Geographic name Management,Supply Chain Management
856 ## - ELECTRONIC LOCATION AND ACCESS
Uniform Resource Identifier <a href="https://matjournals.com/Journal-of-Purchasing-Logistics-and-Supply-Chain-Management-system.html">https://matjournals.com/Journal-of-Purchasing-Logistics-and-Supply-Chain-Management-system.html</a>
942 ## - ADDED ENTRY ELEMENTS (KOHA)
Koha item type Serial
Holdings
Withdrawn status Lost status Source of classification or shelving scheme Damaged status Not for loan Home library Current library Date acquired Source of acquisition Serial Enumeration / chronology Total Checkouts Barcode Date last seen Price effective from Koha item type
    Dewey Decimal Classification     IMTN IMTN 09/13/2025 2025-09-13 Vol.6, No. 1   P835 09/14/2025 09/13/2025 Serial
Designed & Maintained by: LRC IMT Nagpur Contact: lrc@imtnag.ac.in© 2024. All Rights Reserved.